Gender and the social rights of citizenship: the comparative analysis of gender relations and welfare states /
محفوظ في:
| المؤلف الرئيسي: | |
|---|---|
| التنسيق: | نص |
| الوسوم: |
إضافة وسم
لا توجد وسوم, كن أول من يضع وسما على هذه التسجيلة!
|
MARC
| LEADER | 00000 a a2200000 04500 | ||
|---|---|---|---|
| 001 | 44743 | ||
| 003 | |||
| 040 | |||
| 100 | |a Orloff, Ann Shola | ||
| 245 | |a Gender and the social rights of citizenship: |b the comparative analysis of gender relations and welfare states / |c Ann Shola Orloff | ||
| 773 | |g páginas 303-328 | ||
| 999 | |c 39787 |d 39787 | ||
